Chanteur par musique - Statistiques

Statistiques générales
  • Ce quiz a été pris 691 fois
  • Le résultat moyen est 12 sur 20
Statistiques - réponses
Musiques Chanteurs % Correct
"Diamonds" Rihanna
97%
"Rolling in the Deep" Adele
92%
Baby One More Time" Britney Spears
86%
"Crazy in Love" Beyoncé
85%
"Roar" Katy Perry
84%
"Smells Like Teen Spirit" Nirvana
72%
"Watermelon Sugar" Harry Styles
68%
"Houdini" Dua Lipa
65%
"Locked Out of Heaven" Bruno Mars
64%
"Wonderwall" Oasis
62%
"Yellow" Coldplay
53%
"Positions" Ariana Grande
48%
"SexyBack" Justin Timberlake
48%
"One Dance" Drake
45%
"Vogue" Madonna
44%
"Cardigan" Taylor Swift
42%
"Yeah!" Usher
42%
"Complicated" Avril Lavigne
34%
"WAP" Megan Thee Stallion
19%
"Everybody" Backstreet Boys
17%
Aucun quiz correspondant
Distribution des résultats
% des personnes avec chaque résultat
Percentile par nombre de réponses
Votre historique - résultats
Vous n’avez pas pris ce quiz